00998cam a22003015a 4500001001000000003000400010005001700014008004100031020001500072020001800087040003700105082001900142100002000161245007100181250001200252260005800264300003400322504005100356650004400407650003600451650002700487653002000514700001800534700002000552942000800572999001700580952009900597013556587OSt20180305151831.0030319t2004 maua frb 001 0 eng d a0205389279 a9780205389278 aDLCcDLCdDLCdUkdEG-ScBUEbeng04a371.3222bJOY10aJoyce, Bruce R.10aModels of teaching /cBruce Joyce, Marsha Weil with Emily Calhoun. a7th ed. aBoston ;aLondon :bPearson/Allyn and Bacon,cc.2004. axiv, 532 p. :bill. ;c25 cm. aIncludes bibliographical references and index. 7aEducationxExperimental methods.2BUEsh 7aEducational innovations.2BUEsh 7aTeaching.2BUEsh98353 bGGENcMarch20181 aWeil, Marsha.1 aCalhoun, Emily. 2ddc c26239d26211 00102ddc4070aMAINbMAINc1STd2018-03-05l0o371.3 JOYp000047344r2025-07-15 00:00:00yBB